000
00223nam a22000857a 4500
008
160715b xxu||||| |||| 00| 0 eng d
100
_9
2919
_a
Egmont
245
_a
The Secret of the Unicorn
_b
Tin Tin
260
_a
USA
_b
Macmillan
_c
2009
999
_c
2484
_d
2484